000 01148 a2200253 4500
001 49789
005 20260407155759.0
008 260407a1992 arg spa d
003 AR-UNSa-BCEJYS
040 _aAR-UNSa-BCEJYS
_bspa
_cAR-UNSa-BCEJYS
080 _a575.8
_xEvolución. origen de las especies. filogenia
245 1 0 _aLa extinción de las especies
_pevolución, causas y efectos
020 _a84-7615-926-9
264 1 _aMadrid :
_bMcGraw-Hill
_c1992
300 _ax, 212 p.
_c21 cm.
505 _a1. El origen de la vida - 2. La historia de la vida - 3. Las grandes extinciones - 4. La evolución de las especies - 5. Los efectos de las extinciones - 6. Causas celestes de las extinciones - 7. Causas terrestres de las extinciones - 8. Las glaciaciones - 9. El calentamiento del efecto invernadero - 10. La extinción global.
041 _aspa
942 _cBK
590 _aniveau_biblio:m niveau_hierar:0
100 1 _aErickson, Jon
700 1 _aEspañol Echániz, Ignacio
700 1 _aFernández Martín, Manuel J.
856 4 1 _uhttps://www.biblioeco.unsa.edu.ar/pmb/images/libros/L128182.jpg
_yImagen de portada
_qimage/jpeg
999 _c4884
_d4884